000 00948nam a2200241 a 4500
001 51142
003 BD-RjUL
005 20211209075621.0
008 160829s1982 bg a|||| || | 001 0 ben d
020 _c:TK. 55.00
035 _a(BD-RjUL)51262
040 _aBD-RjUL
_bben
_cBD-RjUL
041 _aben
082 _222
_a590
_bKAS 1982
100 1 _aকবির, সৈয়দ মুহম্মদ হুমায়ুন
_9124166
245 1 0 _aসাধারণ প্রানিবিদ্যা=GENEREL ZOOLOGY /
_cসৈয়দ মুহম্মদ হুমায়ুন কবির
260 _aঢাকা :
_bবাংলা একাডেমী,
_c১৯৮২
300 _a[৮], ৩২৪ পৃ. :
_bচিত্র ;
_c২৩ সেমি.
500 _aনির্ঘণ্ট সংযুক্ত
650 _aপ্রানিবিদ্যা
_9152981
650 _aZoology
_9152982
942 _2ddc
_cBK
999 _c51142
_d51142